Statistics for European Countries with the Lowest Average Elevation

Click here to take the quiz!

General Stats

  • This quiz has been taken 14,561 times
  • The average score is 8 of 10

Answer Stats

Avg. Elevation Country % Correct
30 mNetherlands
95%
34 mDenmark
85%
61 mEstonia
80%
87 mLatvia
80%
118 mIreland
79%
110 mLithuania
78%
48 mVatican City
77%
126 mMalta
77%
81 mMonaco
75%
139 mMoldova
47%

Score Distribution

Percentile by Number Answered

Percent of People with Each Score

Your Score History

You have not taken this quiz